Environmental statistics with S-plus
Salvato in:
| Autori principali: | , |
|---|---|
| Natura: | Libro |
| Lingua: | inglese |
| Pubblicazione: |
Boca Ratón
CRC
2001
|
| Serie: | Applied Environmental Statistics
|
| Soggetti: | |
| Tags: |
Aggiungi Tag
Nessun Tag, puoi essere il primo ad aggiungerne!!
|
MARC
| LEADER | 00000nam a2200000 a 4500 | ||
|---|---|---|---|
| 001 | UCN9398 | ||
| 003 | CL-VaPUC | ||
| 008 | 011207e20010000US |||||||||||||||||eng|d | ||
| 082 | 0 | 4 | |a 333.7021 |b MIL |2 21 |
| 100 | |a Millard, Steven P. |e autor |9 466001 | ||
| 700 | 0 | |a Neerchal, Nagaraj K |e author |9 466002 | |
| 245 | 1 | 0 | |a Environmental statistics with S-plus |
| 300 | |a 830 p | ||
| 942 | |c BK | ||
| 945 | |d 20011207 00:00:00 |a vberengu | ||
| 260 | |a Boca Ratón |b CRC |c 2001 | ||
| 650 | 7 | |a CIENCIAS AMBIENTALES |2 CL-VaPUC |9 344897 | |
| 650 | 7 | |a MEDIO AMBIENTE - METODOS ESTADISTICOS |2 CL-VaPUC |9 466003 | |
| 650 | 0 | |a S Plus |9 456051 | |
| 583 | |a last modification |c 20011207 00:00:00 |k Rodrigo Vera | ||
| 490 | 0 | |a Applied Environmental Statistics | |
| 999 | |c 298834 |d 298832 | ||
| 952 | |0 0 |1 0 |4 0 |6 333_702100000000000_MIL_2001 |7 0 |8 A |9 354775 |a BIBGIM |b BIBGIM |d 2019-11-21 |i 3773361 |o 333.7021 MIL 2001 |p 3773361 |r 2025-01-15 |w 2019-11-21 |y BK |k EST | ||
| 952 | |0 0 |1 0 |4 0 |6 333_702100000000000_MIL_2001 |7 0 |8 A |9 354776 |a BIBGIM |b BIBGIM |d 2019-11-21 |i 3875431 |o 333.7021 MIL 2001 |p 3875431 |r 2025-01-15 |w 2019-11-21 |y BK |k EST | ||
| 952 | |0 0 |1 0 |4 0 |6 333_702100000000000_MIL_2001 |7 0 |8 A |9 354777 |a BIBGIM |b BIBGIM |d 2019-11-21 |i 387544K |o 333.7021 MIL 2001 |p 387544K |r 2025-01-15 |w 2019-11-21 |y BK |k EST | ||